Normal view
MARC view
- Institute for Contemporary Studies.
Entry Corporate Name
001 - CONTROL NUMBER
- control field: 9416
003 - CONTROL NUMBER IDENTIFIER
- control field: OSt
005 - DATE AND TIME OF LATEST TRANSACTION
- control field: 20210520145203.0
008 - FIXED-LENGTH DATA ELEMENTS
- fixed length control field: 210520|| aca||aabn | a|a d
040 ## - CATALOGING SOURCE
- Original cataloging agency: OSt
- Transcribing agency: OSt
110 ## - HEADING--CORPORATE NAME
- Corporate name or jurisdiction name as entry element: Institute for Contemporary Studies.
670 ## - SOURCE DATA FOUND
- Source citation: Work cat.: (OSt)0: Oakerson, Ronald J. 9409, Governing Local Public Economies :, c1999.